Košice Národné divadlo

Zobrazenie: pohľad na budovu Národného divadla

Bibliographic Details
Format: Photo
Language:Slovak
German
Hungarian
PhysicalDescription:1 pohľadnica čiernobiela 9 x 14 cm
Published: [Prešov] Lichtig [1929?]
Subjects:

MARC

LEADER 00000ckm a2200000 a 4500
001 vtls001420121
003 SK-MaSNL
005 20260301012803.0
007 kf bo
008 230706q1929 xo g 0kuslo
035 |a SNK000374955 
035 |a urn:nbn:sk:snk-km004yqx 
035 |a 5E13C79E-65DD-4F2A-BADF-5A0CC306CB28 
035 |a urn:nbn:sk:snk-kmtg5a 
040 |a SNK  |b slo  |c SNK  |e AACR2 
041 0 |a slo  |a ger  |a hun 
043 |a e-xo--- 
044 |a xo  |c SK 
080 |a 792.05  |2 2001 
080 |a (437.6)  |2 2001 
080 |a (084.121)  |2 2001 
245 0 0 |a Košice  |h grafika  |b Národné divadlo 
246 3 1 |a Košice  |b National - Theater 
246 3 1 |a Košice  |b Nemzeti szinház 
260 |a [Prešov]  |b Lichtig  |c [1929?] 
300 |a 1 pohľadnica  |b čiernobiela  |c 9 x 14 cm 
500 |a Názvové údaje prevzaté z obrazovej časti pohľadnice 
520 8 |a Zobrazenie: pohľad na budovu Národného divadla 
546 |a Súbežný podnázov v nem. a maď. 
650 0 7 |a divadlá  |2 SNKPH  |9 29113 
651 7 |a Košice (Slovensko)  |2 SNKPH  |9 18694 
655 7 |a miestne pohľadnice  |2 SNKPH  |9 70510 
852 |a Slovenská národná knižnica 
958 |a GBN 
958 |a GC 
958 |a ONDV 
999 |c 554397  |d 556327 
952 |t P60, <03>, [BOOK], {603}  |a SNK  |b SNK  |y PREZ  |7 0  |p 17A0315155  |o snkSP 109589  |0 0  |1 0  |4 0  |d 2001-09-10  |f 1  |l 0  |r 2005-01-02 00:00:00  |w 2026-02-23